Banka Talianska

História Banky Talianska. Štatút banky a jej postavenie v súčasnosti. Menová a kurzová politika. Dohľad nad bankovým a finančným systémom. Vydávanie bankoviek, platobný a zúčtovací styk. Platnosť národných bankoviek po zavedení eura.

Salvato in:
Dettagli Bibliografici
Autore principale: Némethy, Peter
Natura: Capitolo di libro
Lingua:slovacco
Soggetti:
Tags: Aggiungi Tag
Nessun Tag, puoi essere il primo ad aggiungerne!!

MARC

LEADER 00000naa a2200000 4500
001 r043758
005 20220729103744.2
041 0 |a slo 
044 |a SK 
245 1 0 |a Banka Talianska  |c Peter Némethy 
520 |a História Banky Talianska. Štatút banky a jej postavenie v súčasnosti. Menová a kurzová politika. Dohľad nad bankovým a finančným systémom. Vydávanie bankoviek, platobný a zúčtovací styk. Platnosť národných bankoviek po zavedení eura. 
610 2 0 |a Banka Talianska 
610 2 0 |a banky emisné 
610 2 0 |a banky centrálne 
610 2 0 |a Taliansko 
610 2 0 |a história 
610 2 0 |a politika menová 
610 2 0 |a emisia 
610 2 0 |a euro 
610 2 0 |a dohľad bankový 
100 1 |a Némethy, Peter